4 Film 1 Acteur - Statistiques

Statistiques générales
  • Ce quiz a été pris 1 680 fois
  • Le résultat moyen est 9 sur 10
Statistiques - réponses
Question Réponse % Correct
Le Loup de Wall St, Django Unchained, Arrête moi si tu peux, Titanic :
100%
Le Loup de Wall St, Once Upon a Time in Hollwood, Suicide Squad, Barbie :
98%
Forrest Gump, La ligne verte, Il faut sauver le soldat Ryan, Arrête moi si tu peux :
97%
Walkyrie, Spider-Man No Way Home, Avengers Infinity Wars, Uncharted :
97%
Mission Impossible, Top Gun, Walkyrie, Edge of tomorrow :
95%
Rocky 3 : L'Oeil du Tigre, Rambo 2 : La Mission, Expendable : Unité Spécial, Evasion :
90%
Le Seigneur des Anneaux : Les Deux Tours et Le Retour du Roi, Star wars : La Revanche des Siths, Dracula :
89%
Star Wars : L'Attaque des Clones, Thor, Black Swan, Leon :
88%
Pulp Fiction, Coach Carter, Les Huit Salopards, Django Unchained :
85%
Terminator , Predator, Expandable : Unité Spéciale, Evasion :
78%
Aucun quiz correspondant
Distribution des résultats
% des personnes avec chaque résultat
Percentile par nombre de réponses
Votre historique - résultats
Vous n’avez pas pris ce quiz